Sports Quiz

Random Sports or WWE Quiz

Mae Young Classic Participants Quiz Stats

 Plays Quiz not verified by Sporcle

Score 0/64 Timer 10:00
0 Plays Today
Superstar % Correct
Toni Storm
95.9%
Kairi Sane
90.6%
Dakota Kai
89.3%
Io Shirai
89.2%
Mia Yim
88.5%
Toni Storm
87.4%
Mercedes Martinez
87.2%
Rhea Ripley
87.2%
Taynara Conti
87.2%
Kaitlyn
85.8%
Xia Li
84.5%
Kavita Devi
83.8%
Shayna Baszler
83.1%
Mercedes Martinez
82%
Bianca Belair
81.8%
Candice LeRae
81%
Mia Yim
80.7%
Lacey Evans
79.6%
Piper Niven
78.3%
Killer Kelly
76.4%
Abbey Laith
76.1%
Kay Lee Ray
76.1%
Reina Gonzalez
75.7%
Xia Li
75.3%
Allysin Kay
74.3%
Zeuxis
74.3%
Jinny
73.6%
Rachel Evers
73.6%
Rhea Ripley
73.5%
Kavita Devi
72.9%
Serena Deeb
72.7%
Meiko Satomura
72.3%
Superstar % Correct
Priscilla Kelly
72.3%
Xia Brookside
72.3%
Rachel Evers
72.1%
Aerial Monroe
71.6%
Tegan Nox
71.6%
Taynara Conti
70.8%
Zeda
70.5%
Ashley Rayne
70.3%
Jazzy Gabert
69.7%
Zatara
69.6%
Vanessa Borne
69.4%
Tessa Blanchard
69.2%
Lacey Lane
68.9%
Marti Belle
68.1%
Vanessa Kraven
67.6%
Princesa Sugehit
67.3%
MJ Jenkins
66.9%
Santana Garrett
65.7%
Hiroyo Matsumoto
65.5%
Isla Dawn
65.5%
Deonna Purrazzo
64.9%
Kacy Catanzaro
64.2%
Reina Gonzalez
63.8%
Sarah Logan
63.8%
Karen Q
62.8%
Ayesha Raymond
60.1%
Nicole Savoy
59.2%
Jessie Elaban
58.1%
Nicole Matthews
56.8%
Sage Beckett
55%
Renee Michelle
53.4%
Miranda Salinas
49.6%

You're not logged in!

Compare scores with friends on all Sporcle quizzes.
OR
Log In

You Might Also Like...

Show Comments

Extras

Top Quizzes Today


Score Distribution

Your Account Isn't Verified!

In order to create a playlist on Sporcle, you need to verify the email address you used during registration. Go to your Sporcle Settings to finish the process.

Report this User

Report this user for behavior that violates our Community Guidelines.

Details: